<?xml version="1.0" encoding="UTF-8"?>
<marc:record xmlns:marc="http://www.loc.gov/MARC21/slim">
   <marc:leader>00000nam a2200000 a 4500</marc:leader>
   <marc:datafield ind1="1" ind2=" " tag="100">
      <marc:subfield code="a">Calepino, Ambrogio</marc:subfield>
      <marc:subfield code="4">aut</marc:subfield>
      <marc:subfield code="e">Verfasser/-in</marc:subfield>
   </marc:datafield>
   <marc:datafield ind1=" " ind2=" " tag="653">
      <marc:subfield code="a">f||Wörterbuch</marc:subfield>
   </marc:datafield>
   <marc:datafield ind1=" " ind2=" " tag="653">
      <marc:subfield code="a">s||Latein</marc:subfield>
   </marc:datafield>
   <marc:datafield ind1=" " ind2=" " tag="653">
      <marc:subfield code="a">g||Griechisch</marc:subfield>
   </marc:datafield>
   <marc:datafield ind1="0" ind2="0" tag="245">
      <marc:subfield code="a">Ambrosivs Calepinvs Bergomensis Professor Devotissimvs Ordinis Eremitarvm Sancti Avgvstini Observantiae Dictionum latinarum &amp; graecarum interpres per spicacissimus</marc:subfield>
   </marc:datafield>
   <marc:datafield ind1="0" ind2="0" tag="245">
      <marc:subfield code="b">omniumq[ue] vocabulorum insertor acutissimus, ita ut quicquid exquisitioris eruditionis reconditum in Nicolai Perotti Cornucopiae, quicquid etiam penitioris doctrine in libris Marci Varronis, Nonii  ... dispersum erat, in vnum hunc coegerit uolumen ...</marc:subfield>
   </marc:datafield>
   <marc:datafield ind1=" " ind2="1" tag="264">
      <marc:subfield code="a">Viennensis ; Hagenoae</marc:subfield>
      <marc:subfield code="b">Alantsee ; Anshelm</marc:subfield>
      <marc:subfield code="c">1521</marc:subfield>
   </marc:datafield>
   <marc:datafield ind1="1" ind2=" " tag="520">
      <marc:subfield code="a">Erscheinungsvermerk lt. Vorlage: Hagenoae impressi per Thomam || Anshelmum Badensem, impensis Luce Alantse ciuis Viennensis. Anno dñi M.D.XXI. Mense Iulio.</marc:subfield>
   </marc:datafield>
   <marc:datafield ind1=" " ind2=" " tag="500">
      <marc:subfield code="a">Titelbl. in Rot- und Schwarzdr. - Teilw. in griech. Schr. - Bibliogr. Nachweis: VD16 C 231</marc:subfield>
   </marc:datafield>
   <marc:datafield ind1=" " ind2=" " tag="300">
      <marc:subfield code="a">CCCCLI, [1] Bl. : Ill.; 32 cm</marc:subfield>
   </marc:datafield>
</marc:record>
